Central Library OPAC University of Rajshahi

Religious lyrics of the XIVth century / (Record no. 76661)

MARC details
000 -LEADER
fixed length control field 00774cam a22002531 4500
001 - CONTROL NUMBER
control field 76661
003 - CONTROL NUMBER IDENTIFIER
rucl marc code BD-RjUL
005 - DATE AND TIME OF LATEST TRANSACTION
control field 20211209082853.0
008 - FIXED-LENGTH DATA ELEMENTS--GENERAL INFORMATION
fixed length control field 191230s1923 enk 001 0 eng
035 ## - SYSTEM CONTROL NUMBER
System control number (BD-RjUL)76885
040 ## - CATALOGING SOURCE
Original cataloging agency DLC
Transcribing agency OAU
Modifying agency OCoLC
-- DLC
-- BD-RjUL
Language of cataloging eng
041 ## - LANGUAGE CODE
Language code of text/sound track or separate title eng
082 ## - DEWEY DECIMAL CLASSIFICATION NUMBER
Classification number 821.20822
Author mark and year REL 1923
Edition number 19
245 10 - TITLE STATEMENT
Title Religious lyrics of the XIVth century /
Statement of responsibility, etc. edited by Carleton Brown.
260 ## - PUBLICATION, DISTRIBUTION, ETC. (IMPRINT)
Place of publication, distribution, etc. Oxford :
Name of publisher, distributor, etc. The Clarendon Press,
Date of publication, distribution, etc. 1923.
300 ## - PHYSICAL DESCRIPTION
Pagination xxii, 358 p., ;
Size 20 cm.
504 ## - BIBLIOGRAPHY, ETC. NOTE
Bibliography, etc Includes index.
650 #0 - SUBJECT ADDED ENTRY--TOPICAL TERM
Topical term or geographic name as entry element English poetry
Chronological subdivision Middle English, 1100-1500.
9 (RLIN) 51255
Topical term or geographic name as entry element Religious poetry, English.
9 (RLIN) 55374
700 ## - ADDED ENTRY--PERSONAL NAME
Personal name Brown, Carleton
Dates associated with a name 1869-1941,
942 ## - ADDED ENTRY ELEMENTS (KOHA)
Source of classification or shelving scheme Dewey Decimal Classification
Koha item type Books
Holdings
Lost status Source of classification or shelving scheme Damaged status Not for loan Collection code Permanent Location Current Location Shelving location Date acquired Total Checkouts Full call number Date last seen Copy number Koha item type
  Dewey Decimal Classification   Not For Loan Non-fiction Central Library, University of Rajshahi Central Library, University of Rajshahi Reading Room 30/12/2019   821.20822 REL 1923 30/12/2019 C-1 Books